Anılar yelpazesinde Mustafa Kemal Atatürk (Record no. 1660)

MARC details
000 -BAŞLIK
Sabit Uzunlukta Kontrol Alanı 01021na a2200265 4500
001 - KONTROL NUMARASI
Denetim Alanı 13669
003 - KONTROL NUMARASI IDENTIFIER
Denetim Alanı MIRAKIL
005 - SON İŞLEM TARİHİ VE ZAMANI
Denetim Alanı 20181213154830.0
008 - SABİT-BOY VERİ ELEMANLARI - GENEL BİLGİLER
Sabit Uzunlukta Kontrol Alanı 160818b tu 000 0
020 ## - ULUSLARARASI STANDART KİTAP NUMARASI
Uluslararası Standart Kitap Numarası 97597542207
035 ## - SİSTEM KONTROL NUMARASI
Sistem Kontrol Numarası 13669
040 ## - KATALOGLAMA KAYNAK
Orijinal Kataloglama Ajansı Milas
Kataloglama Dili tur
Metne Dönüştürmek Ajansı TR-AnCHP
082 ## - DEWEY ONLU SINIFLANDIRMA NUMARASI
Sınıflandırma Numarası ATA 923.156
Ürün Numarası B54a 2009
090 ## - SINIFLAMA NUMARASI
Sınıflama Numarası ATA 923.156 B54a 2009
100 ## - ANA GİRİŞ - KİŞİSEL İSİM
Kişisel Ad Basar, Arif
245 ## - BAŞLIK TABLOSU
Başlık Anılar yelpazesinde Mustafa Kemal Atatürk
Sorumluluk Tablosu, Vb Arif Basar
260 ## - YAYIN, DAĞITIM, VB
Yayın, Dağıtım, Vb Yeri Ankara
Yayıncı, Dağıtıcı, Vs Adı [yayl.y.]
Yayın, Dağıtım, Vb Tarihi 2009
300 ## - FİZİKSEL TANIM
Kapsam 6 c.
Diğer Fiziksel Ayrıntıları res.
Boyutlar 19 sm.
505 ## - BİÇİMLENDİRİLDİ İÇİNDEKİLER NOT
Biçimlendirilmiş İçeriği Dikkat c.1: 1881-1919 çocukluk, gençlik, I. Dünya ve Çanakkale Savaşları -- c.2: Milli mücadele ve Kurtuluş Savaşı -- c.3: Devrimler -- c.4: Cumhuriyet -- c.5: Atatürk ve dünya -- c.6: Hastalık ve son günleri
600 ## - KONU KATMA GİRİŞ - KURUMSAL ADI
Kişisel Ad Atatürk, Mustafa Kemal
Bir Adıyla İlişkilendirilen Tarihler 1881-1938
Genel Alt Bölümü Çanakkale Savaşı, 1915-1916
600 ## - KONU KATMA GİRİŞ - KURUMSAL ADI
Kişisel Ad Atatürk, Mustafa Kemal
Bir Adıyla İlişkilendirilen Tarihler 1881-1938
Genel Alt Bölümü Anılar
600 ## - KONU KATMA GİRİŞ - KURUMSAL ADI
Kişisel Ad Atatürk, Mustafa Kemal
Bir Adıyla İlişkilendirilen Tarihler 1881-1938
Genel Alt Bölümü Çocukluk ve Gençlik
650 ## - KONU KATMA GİRİŞ - TOPİKAL DÖNEM
Topikal Süreli Veya Coğrafi Ad Giriş Elemanı Kurtuluş Savaşı
942 ## - EKLENDİ GİRİŞ ELEMANLARI (KOHA)
Sınıflandırma Veya Raf Düzeni Kaynak Dewey Decimal Classification
Koha Öğesi Türü Books
999 ## - SİSTEM KONTROL NUMARALARI (KOHA)
Koha Biblionumber 1660
Koha Biblioitemnumber 1660
Holdings
Kalıcı Konum Mevcut Konum Edinme Tarihi Edinim Kaynak Toplam Check-Out'Lar Tam Çağrı Numarası Barkod Tarih Son Görülme İtibaren Geçerli Fiyatlar Koha Öğesi Türü Seri Numaralandırma / Kronolojik
CHP Kütüphanesi CHP Kütüphanesi 08/15/2016 Bağış   ATA 923.156 B54a 2009 001630 08/15/2016 08/15/2016 Books  
CHP Kütüphanesi CHP Kütüphanesi 08/18/2016 Bağış   ATA 923.156 B54a 2009 001631 08/18/2016 08/18/2016 Books  
CHP Kütüphanesi CHP Kütüphanesi 08/18/2016 Bağış   ATA 923.156 B54a 2009 001632 08/18/2016 08/18/2016 Books c.2
CHP Kütüphanesi CHP Kütüphanesi 08/18/2016 Bağış   ATA 923.156 B54a 2009 001633 08/18/2016 08/18/2016 Books c.3
CHP Kütüphanesi CHP Kütüphanesi 08/18/2016 Bağış   ATA 923.156 B54a 2009 001634 08/18/2016 08/18/2016 Books c.4
CHP Kütüphanesi CHP Kütüphanesi 08/18/2016 Bağış   ATA 923.156 B54a 2009 001635 08/18/2016 08/18/2016 Books c.5